Second White Paper on advances achieved in the process of fulfilling the Peace Accord for Central America "Esquipulas II"; second period: nov. 6, '87 - jan. 16, '88

Guardado en:
Bibliografiske detaljer
Institution som forfatter: FLACSO
Format: Texto
Udgivet: San José: FLACSO
Tags: Tilføj Tag
Ingen Tags, Vær først til at tagge denne postø!

MARC

LEADER 00000 a a2200000 04500
001 23618
003
040 |a CRAI/IIS  |c CRAI/IIS 
020 |a 9977-68-005-1  
090 |a 163700  
110 |a FLACSO  
245 |a Second White Paper on advances achieved in the process of fulfilling the Peace Accord for Central America "Esquipulas II"; second period: nov. 6, '87 - jan. 16, '88  
260 |a San José:   |b FLACSO  
300 |a 194 p.  
999 |c 16575  |d 16575